000 00458nam a2200181Ia 4500
001 8121
005 20260306160545.0
008 260306t2005||||xx |||||||||||||| ||spa||
041 _aESP
082 _a370.114
_bC25
100 _aCano, Betuel
_eAUT
245 0 _aPedagogía y didáctica de la educación ética y los valores humanos
260 _c2005
300 _a338 páginas :
_c23 cm.
650 _aGEN
654 _aCED
942 _cLIB
_dJUS
_fJUS
_2ddc
_n
999 _c8121
_d8121